| 000 | 00724nam a2200265Ia 4500 | ||
|---|---|---|---|
| 003 | GCL | ||
| 008 | 140319s9999 xx 000 0 ara d | ||
| 040 |
_aGCL / _cGCL |
||
| 082 | 0 | 4 |
_a180 _bى م |
| 100 | 1 | _aيحيى هويدى | |
| 245 | 1 | 0 |
_aمقدمه فى الفلسفة العامة / _cيحيى هويدى |
| 300 | _a263 ص | ||
| 490 | _a | ||
| 650 | 0 | 4 | _aالماركسية |
| 650 | 0 | 4 | _aالوحدانية |
| 650 | 0 | 4 | _aالوجودية |
| 650 | 0 | 4 | _aالمادية |
| 650 | 0 | 4 | _aالمعرفة |
| 650 | 0 | 4 | _aالافلاطونية |
| 650 | 0 | 4 | _aالمثالية |
| 650 | 0 | 4 | _aالشك |
| 650 | 0 | 4 | _aالفلسفة - نظريات |
| 650 | 0 | 4 | _aما وراء الطبيعة, علم |
| 942 |
_2ddc _cBK |
||
| 999 |
_c39084 _d39084 |
||